000 00473cam a2200193ua 4500
001 3959
005 20260515113748.0
008 111210n ii |||gr||||Z||||||asm
040 _cMAIN
082 _a891.4511
100 1 _aTanti, Sananta,
245 1 1 _aMoi manuhar amal utsav
_cby Sananta Tanti
250 _a2nd.
260 _aGuwahati:
_bLawyers book stall,997.
300 _a52p:
_c23cm.
653 _aAssamese poem
653 _aMoi manuhar amal utsav
942 _cBK
999 _c3779
_d3779